Normal view
MARC view
- Ali, Rauf
Entry Personal Name
001 - CONTROL NUMBER
- control field: 126118
003 - CONTROL NUMBER IDENTIFIER
- control field: NUST
005 - DATE AND TIME OF LATEST TRANSACTION
- control field: 20240926131736.0
008 - FIXED-LENGTH DATA ELEMENTS
- fixed length control field: 240926|| aca||aabn | a|a d
040 ## - CATALOGING SOURCE
- Original cataloging agency: NUST
- Transcribing agency: NUST
100 ## - HEADING--PERSONAL NAME
- Personal name: Ali, Rauf
670 ## - SOURCE DATA FOUND
- Source citation: Work cat.: (NUST): Ali, Rauf , On Demand Image Rescaling (ODIR) /, 2024
